Statistics for NBA One-time All-Stars

Click here to take the quiz!

General Stats

  • This quiz has been taken 320 times
  • The average score is 9 of 16

Answer Stats

Answer% Correct
Andrew Wiggins
91%
Kyle Korver
89%
Andre Iguodala
85%
Andrei Kirilenko
79%
Vlade Divac
74%
Tyson Chandler
73%
Goran Dragić
69%
Chris Kaman
50%
Kenyon Martin
48%
Danny Ainge
47%
Danny Granger
47%
Doc Rivers
44%
Jamal Mashburn
32%
Antonio McDyess
24%
Bill Cartwright
17%
Dana Barros
11%

Score Distribution

Percentile by Number Answered

Percent of People with Each Score

Your Score History

You have not taken this quiz